Score 0/35 Timer 10:00
0 Plays Today
% Correct
Brasília
96.7%
Windhoek
95.6%
Harare
94.5%
Montevideo
94.5%
Maputo
93.4%
Gaborone
93.4%
Buenos Aires
92.3%
Canberra
91.2%
Maseru
90.1%
Antananarivo
90.1%
Jakarta
90.1%
Mbabane
87.9%
New Delhi
80.2%
Washington
80.2%
Wellington
79.1%
Moroni
76.9%
Islamabad
75.8%
Accra
73.6%
% Correct
Monrovia
71.4%
Freetown
71.4%
Bridgetown
71.4%
Praia
70.3%
Lomé
68.1%
Kingstown
67%
St. John's
67%
Castries
65.9%
Apia
65.9%
Santo Domingo
62.6%
Porto-Novo
61.5%
Yamoussoukro
60.4%
Roseau
59.3%
Suva
59.3%
Basseterre
57.1%
Nuku'Alofa
56%
Funafuti
53.8%
Remove Ads.
Support Sporcle.
Get the best of Sporcle when you Go Orange. This ad-free experience offers more features, more stats, and more fun while also helping to support Sporcle. Thank you for becoming a member.

You're not logged in!

Compare scores with friends on all Sporcle quizzes.
OR
Log In

Show Comments

Extras

Top Quizzes Today


Score Distribution

Your Account Isn't Verified!

In order to create a playlist on Sporcle, you need to verify the email address you used during registration. Go to your Sporcle Settings to finish the process.

Report this User

Report this user for behavior that violates our Community Guidelines.

Details: